Ανάπτυξη υδροακουστικού πομποδέκτη ευρέως φάσματος : πτυχιακή εργασία

Αποθηκεύτηκε σε:
Λεπτομέρειες βιβλιογραφικής εγγραφής
Κύριος συγγραφέας: Φεργαδιώτης, Δημήτριος
Συγγραφή απο Οργανισμό/Αρχή: Πανεπιστήμιο Αιγαίου Σχολή Περιβάλλοντος Τμήμα Επιστημών της Θάλασσας
Άλλοι συγγραφείς: Γεωργακαράκος, Στρατής (Εισηγητής διατριβής)
Μορφή: Thesis Βιβλίο
Γλώσσα:Greek
Δημοσίευση: 2010
Θέματα:
Διαθέσιμο Online:http://hdl.handle.net/11610/11672
Ετικέτες: Προσθήκη ετικέτας
Δεν υπάρχουν, Καταχωρήστε ετικέτα πρώτοι!

MARC

LEADER 00000cam a2200000 i 4500
001 1/14221
008 110720s2010 gre d
035 |l 10110499 
040 |a GR-MY-UA  |b gre  |e aacr 
041 0 |a gre 
082 0 |a 620.25  |2 (22) 
100 1 |a Φεργαδιώτης, Δημήτριος. 
245 1 0 |a Ανάπτυξη υδροακουστικού πομποδέκτη ευρέως φάσματος :  |b πτυχιακή εργασία /  |c Δημήτριος Φεργαδιώτης ; επιβλέπων καθηγητής: Στρατής Γεωργακαράκος 
260 |c 2010 
300 |a 40 σ.;  |b εικ. , πιν.;  |c 30 εκ. 
502 |a Πτυχιακή εργασία – Πανεπιστήμιο Αιγαίου, Λέσβος, 2009. 
504 |a Περιέχει βιβλιογραφικές αναφορές 
650 0 0 |a Underwater acoustics. 
650 0 0 |a Fishes  |x Detection. 
650 0 0 |a Dissertations, Academic  |z Greece. 
700 1 |a Γεωργακαράκος, Στρατής.  |4 ths 
710 2 |a Πανεπιστήμιο Αιγαίου  |b Σχολή Περιβάλλοντος  |b Τμήμα Επιστημών της Θάλασσας. 
852 |a INST  |b LESVOS  |c DIATR  |e 20110720  |h 467  |p 005100049786  |q 005100049786  |t DIE  |y 23 
852 |a INST  |b LESVOS  |c DIATR  |e 20110720  |h 468  |p 005100049678  |q 005100049678  |t DIE  |y 23 
856 |u http://hdl.handle.net/11610/11672 
901 |a BIBL1-2011-2 
909 |a Λ  |b 169458 
909 |a Λ  |b 169459 
924 |a ΦΕΡΓΑΔΙΩΤΗΣ  |b ΔΗΜΗΤΡΙΟΣ  |y ΛΕΣΒΟΣ  |z 2011-07 
970 |a ΠΑΤΣΗ  |b ΑΝΘΙΠΠΗ  |z 2011/07/20